Poésies completes (1896-1899)

Na minha lista:
Detalhes bibliográficos
Autor principal: Nelligan, Émile
Formato: Livro
Idioma:Undetermined
Publicado em: Montreal, Canadá Editions Fides 1952
Assuntos:
Tags: Adicionar Tag
Sem tags, seja o primeiro a adicionar uma tag!

MARC

LEADER 00000nam a2200000Ia 4500
008 170316s9999 xx 000 0 und d
040 |a cru BVZT 
090 |a 818 N-2po 
100 |a Nelligan, Émile 
245 |a Poésies completes (1896-1899) 
260 |a Montreal, Canadá 
260 |b Editions Fides 
260 |c 1952 
300 |a 331 páginas 
650 |a LITERATURA CANADIENSE 
650 |a EN IDIOMA FRANCÉS 
650 |a POESÍA 
999 |c 6596  |d 6596 
942 |c 15 D  |h 818 N-2po  |2 z